Journal of private and property law (Record no. 38439)

MARC details
000 -LEADER
fixed length control field 00377nam a2200157Ia 4500
022 ## - INTERNATIONAL STANDARD SERIAL NUMBER
ISSN 21419930
050 ## - CALL MARK
Classification number K 1 .P16/
245 #0 - TITLE STATEMENT
Title Journal of private and property law
260 ## - PUBLICATION, DISTRIBUTION, ETC. (IMPRINT)
Place of publication Benin
260 ## - PUBLICATION, DISTRIBUTION, ETC. (IMPRINT)
Name of publisher University of Benin.
260 ## - PUBLICATION, DISTRIBUTION, ETC. (IMPRINT)
Year of publication 2010
300 ## - PHYSICAL DESCRIPTION
Number of Pages viii, 341 p. ; 22 cm.
942 ## - ADDED ENTRY ELEMENTS (KOHA)
Koha item type Serials

No items available.